Modern system of governance : (Record no. 126326)
[ view plain ]
| 000 -LEADER | |
|---|---|
| fixed length control field | 00961nam a22002777a 4500 |
| 003 - CONTROL NUMBER IDENTIFIER | |
| control field | 0 |
| 005 - DATE AND TIME OF LATEST TRANSACTION | |
| control field | 20180723175857.0 |
| 008 - FIXED-LENGTH DATA ELEMENTS--GENERAL INFORMATION | |
| fixed length control field | 0 |
| 010 ## - LIBRARY OF CONGRESS CONTROL NUMBER | |
| LC control number | B-161603 |
| 020 ## - INTERNATIONAL STANDARD BOOK NUMBER | |
| Terms of availability | 00.00 |
| International Standard Book Number | 8126119993 |
| 035 ## - SYSTEM CONTROL NUMBER | |
| System control number | B-161603, B-161604 |
| 037 ## - SOURCE OF ACQUISITION | |
| Source of stock number/acquisition | Cen Lib/Ret |
| 040 ## - CATALOGING SOURCE | |
| Original cataloging agency | DPL |
| Language of cataloging | EN |
| Transcribing agency | 0 |
| 082 ## - DEWEY DECIMAL CLASSIFICATION NUMBER | |
| Classification number | 350.0002854 |
| Item number | PAN |
| 100 ## - MAIN ENTRY--PERSONAL NAME | |
| Personal name | Pani, Niranjan |
| 9 (RLIN) | 17240 |
| 245 ## - TITLE STATEMENT | |
| Title | Modern system of governance : |
| Statement of responsibility, etc | by Niranjan Pani, Santap S.Mishra [and] Bijaya S.Sahu |
| Remainder of title | good governance vs.E-governance / |
| 260 ## - PUBLICATION, DISTRIBUTION, ETC. (IMPRINT) | |
| Place of publication, distribution, etc | New Delhi |
| Name of publisher, distributor, etc | Anmol publications |
| Date of publication, distribution, etc | 2004 |
| 270 ## - ADDRESS | |
| Address | 4374/4B, Ansari Road Darya Ganj |
| City | New Delhi |
| Postal code | 110002 |
| 300 ## - PHYSICAL DESCRIPTION | |
| Extent | 256p. |
| Dimensions | 21cm(Hb) |
| 500 ## - GENERAL NOTE | |
| General note | Includes bibliographical reference and index |
| 650 ## - SUBJECT ADDED ENTRY--TOPICAL TERM | |
| Topical term or geographic name as entry element | Internet in public administration |
| 9 (RLIN) | 74260 |
| 650 ## - SUBJECT ADDED ENTRY--TOPICAL TERM | |
| Topical term or geographic name as entry element | Internet in public administration--Law and legislation |
| 9 (RLIN) | 74261 |
| 700 ## - ADDED ENTRY--PERSONAL NAME | |
| Personal name | Mishra, Santap S. |
| 9 (RLIN) | 74262 |
| 700 ## - ADDED ENTRY--PERSONAL NAME | |
| Personal name | Sahu, Bijaya S. |
| 9 (RLIN) | 74263 |
| 942 ## - ADDED ENTRY ELEMENTS (KOHA) | |
| Source of classification or shelving scheme | Dewey Decimal Classification |
| Koha item type | English Books |
| Classification part | 350.0002854 |
| Call number suffix | PAN |
| Withdrawn status | Lost status | Damaged status | Not for loan | Home library | Current library | Date acquired | Source of acquisition | Cost, normal purchase price | Total Checkouts | Full call number | Barcode | Date last seen | Copy number | Cost, replacement price | Price effective from | Koha item type | Source of classification or shelving scheme | Collection code |
|---|---|---|---|---|---|---|---|---|---|---|---|---|---|---|---|---|---|---|
| Central Library | Central Library | 25/06/2015 | Cen Lib/Ret | 0.00 | 350.0002854 PAN | B-161603 | 25/06/2015 | 1 | 0.00 | 25/06/2015 | English Books | |||||||
| Patel Nagar | Patel Nagar | 23/07/2018 | BPPD/PUB | 700.00 | 350.0002854 PAN | B-161604 | 23/07/2018 | 700.00 | 23/07/2018 | English Books | Dewey Decimal Classification | Non-fiction |
